| 000 | 00720nam a22001937a 4500 | ||
|---|---|---|---|
| 999 |
_c164579 _d164579 |
||
| 005 | 20190523111136.0 | ||
| 010 | _aUR-10140 | ||
| 020 |
_c400.00 _a9789388356091 |
||
| 035 | _aU-8695 | ||
| 037 | _bDBAD/PUB | ||
| 082 | _a840.08 | ||
| 100 | _aعر فا ن عا لم | ||
| 245 |
_aا قبا ل:معر و ضی تجز يے ا و ر سا ءنسی مبا حث _cعر فا ن عا لم |
||
| 246 |
_bIqbal:Maruzi Tajziye Aur Sciencei Mabahis(Urdu) _aby Irfan Aalam |
||
| 260 |
_a Delhi _bEducational Publishing House _c2018 ء |
||
| 270 |
_a3191،Vakil Street,Kucha Pandit,Lal Kuan, _bDelhi _e110006 _k23216162 _l00911123211540 |
||
| 300 |
_a280ص _c22 Cm.(bk) |
||
| 942 |
_2ddc _cUR _h840.08 _mع ر ف |
||